University Home | Library Home | Institutional Repository

Malawi : (Record no. 169569)

MARC details
000 -LEADER
fixed length control field 00601cam8a220021700 4500
001 - CONTROL NUMBER
control field zam00002321
008 - FIXED-LENGTH DATA ELEMENTS--GENERAL INFORMATION
fixed length control field 951128s1973 xx eng u
035 ## - SYSTEM CONTROL NUMBER
System control number (Sirsi) r19700
035 ## - SYSTEM CONTROL NUMBER
System control number (MACHINE)SLC.
100 ## - MAIN ENTRY--PERSONAL NAME
Personal name Pachal, B.
Linkage A80673.1
245 10 - TITLE STATEMENT
Title Malawi :
Remainder of title the history of the nation.
260 ## - PUBLICATION, DISTRIBUTION, ETC.
Date of publication, distribution, etc. 1973.
591 ## -
-- Class code: H 410.
591 ## -
-- Course: Land and labour in central Africa.
591 ## -
-- School: S05.
591 ## -
-- Lecturer: Dr. CHIPUNGU, S.
591 ## -
-- Number of Students: 14.
949 ## - LOCAL PROCESSING INFORMATION (OCLC)
a DT853
w lcc
m MAIN
t BOOK
l ON-SHELF
909 ## -
-- Book

No items available.

© 2026 - The University of Zambia Library - Koha v25.11